Minecraft Mobs: Cow - Statistics

General Stats
  • This quiz has been taken 28 times
  • The average score is 8 of 9
Answer Stats
Question Answer % Correct
How many health points does a cow have? 10
96%
How many visual variants are there of the cow? 3
96%
Other than raw beef, what item does a cow drop on death? Leather
96%
What item do you get from using a bucket on a cow? Milk Bucket
96%
What block can a cow spawn on? Grass Block
91%
What is an adult cow's height in blocks? 1.4
87%
What item can be used to breed cows? Wheat
87%
What is an adult cow's width in blocks? 0.9
83%
How do you turn a mooshroom into a cow? Shear it
70%
No matching quizzes found
Score Distribution
Percent of People with Each Score
Percentile by Number Answered
Your Score History
You have not taken this quiz